Marketing Behaviour of Makhana Growers in the Mithila Region of Bihar (Record no. 48635)

MARC details
000 -LEADER
fixed length control field 00381nam a22001457a 4500
003 - CONTROL NUMBER IDENTIFIER
control field OSt
008 - FIXED-LENGTH DATA ELEMENTS--GENERAL INFORMATION
fixed length control field 250730b |||||||| |||| 00| 0 eng d
082 ## - DEWEY DECIMAL CLASSIFICATION NUMBER
Classification number 633.883111
Item number M69M
100 ## - MAIN ENTRY--PERSONAL NAME
Personal name Prashant Mohan
245 ## - TITLE STATEMENT
Title Marketing Behaviour of Makhana Growers in the Mithila Region of Bihar
260 ## - PUBLICATION, DISTRIBUTION, ETC. (IMPRINT)
Place of publication, distribution, etc RPCAU, Pusa
Name of publisher, distributor, etc EE
Date of publication, distribution, etc 2024
300 ## - PHYSICAL DESCRIPTION
Extent 119
502 ## - DISSERTATION NOTE
Degree type M.Sc.(EE)
942 ## - ADDED ENTRY ELEMENTS (KOHA)
Source of classification or shelving scheme
Koha item type Thesis
Holdings
Withdrawn status Lost status Source of classification or shelving scheme Damaged status Not for loan Home library Current library Date acquired Total Checkouts Full call number Barcode Date last seen Bill Date Koha item type
          Dr. Rajendra Prasad Central Agricultural University Pusa, Dr. Rajendra Prasad Central Agricultural University Pusa, 30/07/2025   633.883111 M69M 82286 30/07/2025 30/07/2025 Thesis
Hosted, Implemented, Customized & Maintained by: BestBookBuddies

Powered by Koha